10 x 10 Picross avec 3 vies - "Bois" - Statistiques

Statistiques générales
  • Ce quiz a été pris 619 fois
  • Le résultat moyen est 53 sur 100
Statistiques - réponses
Réponse % Correct
d
79%
d
75%
d
71%
x
70%
x
67%
d
66%
d
65%
d
65%
d
64%
x
64%
x
63%
d
62%
d
62%
d
62%
x
62%
x
61%
x
61%
x
60%
x
60%
d
59%
x
59%
x
59%
x
59%
x
59%
x
59%
d
58%
x
58%
x
58%
x
58%
d
57%
x
57%
d
56%
d
56%
d
56%
d
56%
d
56%
d
55%
x
55%
x
55%
x
55%
x
54%
x
54%
x
54%
d
53%
d
53%
x
53%
x
53%
x
53%
x
52%
x
52%
x
52%
d
51%
d
51%
d
51%
d
51%
d
51%
x
51%
x
51%
x
51%
x
51%
x
51%
x
51%
x
51%
x
51%
d
50%
d
50%
d
50%
x
50%
x
50%
x
50%
x
50%
x
50%
x
50%
x
50%
d
49%
d
49%
x
49%
x
49%
x
49%
d
48%
x
48%
x
47%
x
47%
x
47%
d
46%
d
46%
d
46%
x
46%
x
44%
d
42%
d
42%
x
42%
x
42%
x
42%
x
41%
x
41%
x
41%
d
40%
x
40%
d
38%
Aucun quiz correspondant
Distribution des résultats
% des personnes avec chaque résultat
Percentile par nombre de réponses
Votre historique - résultats
Vous n’avez pas pris ce quiz